000
00286nam a2200121Ia 4500
008
241015s9999 xx 000 0 und d
041
_a
eng
082
_a
920 BED
100
_a
Kabir Bedi
245
_a
Stories I Must Tell
260
_b
Westland
_a
Chennai
_c
2021
300
_a
311;. P. 21 cm
999
_c
41722
_d
41722